Click Countries by their First and Last Letters - Statistics

General Stats
  • This quiz has been taken 55 times
    48 since last reset
  • The average score is 18 of 25
Answers on the Map
Answers color-coded by a green-red scale on the quiz's map according to % correct below.
 
Answer Stats
Answer % Correct
H-S
85%
J-A
85%
H-I
82%
Z-A
82%
I-Y
79%
K-T
79%
D-K
76%
P-L
76%
T-Y
76%
F-D
74%
L-O
74%
L-S
74%
P-Y
74%
U-A
74%
U-N
74%
V-U
74%
B-H
71%
F-E
71%
G-N
71%
C-D
65%
B-O
62%
E-T
62%
M-E
59%
L-G
56%
N-D
56%
No matching quizzes found
Score Distribution
Percent of People with Each Score
Percentile by Number Answered
Your Score History
You have not taken this quiz since the last reset